000 00506nam a22001577a 4500
008 260429b |||||||| |||| 00| 0 eng d
040 _aCUZ
_beng
_cCUZ
_drda
_eCUZ
050 _aHG4026.H6693HOR
100 _aJames C. Van Horne
245 _aFundamentals of finacial management
_cby James C. Van Horne
264 _aLondon
_bPHL Learning private limited
_c@ 2009
336 _atext
_btxt
337 _aunmediated
_bn
338 _2rdacarrier
942 _cOS
_i4026.H6693HOR
_kHG
999 _c45604
_d45604